Anteproyecto para la creación de un centro de cálculo provincial de la Excma. Diputación Provincial de Barcelona / Consorcio de Información y Documentación de Cataluña
Descripción Física:
361 f. ; 30 cm
Materias:
Centres informàtics
MARC
| LEADER | 00000nam a2200000Ia 4500 | ||
|---|---|---|---|
| 001 | 8130 | ||
| 008 | 160829s9999 xx 000 0 cat d | ||
| 080 | |a M-1-62 | ||
| 245 | |a Anteproyecto para la creación de un centro de cálculo provincial de la Excma. Diputación Provincial de Barcelona / Consorcio de Información y Documentación de Cataluña | ||
| 260 | |a Barcelona : |b [s.n]., [s.a.] | ||
| 300 | |a 361 f. ; |c 30 cm | ||
| 650 | |a Centres informàtics |9 25703 | ||
| 710 | 2 | |a Consorcio de Información y Documentación de Cataluña |9 54863 | |
| 901 | |a Arxiu | ||
| 942 | |n 1 |2 udc | ||
| 952 | |0 0 |1 0 |4 0 |6 M162 |7 1 |9 43748 |a Arxiu |b Arxiu |d 2016-12-01 |l 0 |o M-1-62 |p 8130 |r 2016-12-01 00:00:00 |w 2016-12-01 |y ARXIU | ||
| 999 | |c 46296 |d 46296 | ||